Obálka Náhled e-knihy:
Epub
Pro půjčování e-knih musíte být přihlášeni.
Jak si půjčit online?

Věčná válka. II., Exodus /

Další pokračování sci-fi románu s poručicí Keirou Jenkinsovou.

Uloženo v:
Série:Věčná válka (Jamie Sawyer), část 2
Hlavní autor: Sawyer, Jamie, 1979- (Autor)
Další autoři: Slavík, Tomáš (Autor)
Médium: E-kniha
Jazyk:Czech
Vydáno: Ostrava : Fantom Print, 2022
Vydání:1. vydání
Témata:
Příbuzné jednotky:Z cyklu:: Věčná válka (Jamie Sawyer)
Tagy:
Žádné tagy
LEADER 02072nam a2200457 i 4500
001 311727
003 CZ PrSKC
005 20260601215710.0
007 ta
008 221103s2022 xr g 000 f cze
015 |a cnb003469993 
020 |a 9788075941220  |q (brožováno) 
035 |a (OCoLC)1357138506 
040 |a OLA001  |b cze  |e rda 
041 1 |a cze  |h eng 
072 7 |a 821.111-3  |x Anglická próza, anglicky psaná  |2 Konspekt 
080 |a 821.111-31  |2 MRF 
080 |a (0:82-311.9)  |2 MRF 
100 1 |a Sawyer, Jamie,  |d 1979-  |7 ola2017937687  |4 aut 
240 1 0 |a Exodus.  |l Česky 
245 1 0 |a Věčná válka.  |n II.,  |p Exodus /  |c Jamie Sawyer ; překlad Tomáš Slavík 
246 3 0 |a Exodus 
250 |a 1. vydání 
264 1 |a Ostrava :  |b Fantom Print,  |c 2022 
300 |a 333 stran ;  |c 21 cm 
336 |a text  |b txt  |2 rdacontent 
337 |a bez média  |b n  |2 rdamedia 
338 |a svazek  |b nc  |2 rdacarrier 
500 |a Přeloženo z angličtiny 
520 2 |a Další pokračování sci-fi románu s poručicí Keirou Jenkinsovou.  |b Díky zradě jednoho z Dingů se s těžce poškozenou vesmírnou lodí ocitají na nepřátelském území. Musí nějak najít způsob, jak varovat Alianci, než Černá spirála rozpoutá zničující válku v celé galaxii. Nakladatelská anotace. Kráceno. 
655 7 |a anglické romány  |7 fd131814  |2 czenas 
655 7 |a vědecko-fantastické romány  |7 fd133847  |2 czenas 
655 9 |a English fiction  |2 eczenas 
655 9 |a science fiction novels  |2 eczenas 
700 1 |a Slavík, Tomáš  |7 kv2017940318  |4 trl 
787 0 8 |i Z cyklu:  |t Věčná válka (Jamie Sawyer)  |g 2 
900 |a ABA001  |b 21 
044 |a xr 
910 |a RBIT002 
998 |d 362711  |a https://core.palmknihy.cz/api/books/362711/cover?rkm33e  |b https://core.palmknihy.cz/api/books/362711/cover/400?rkm33e  |c https://core.palmknihy.cz/api/books/362711/cover/50?rkm33e  |e 2027-01-14  |g 336  |i 9788075941220  |j https://core.palmknihy.cz/api/books/362711/preview.epub  |l   |q 49  |r 1  |s https://www.palmknihy.cz/kniha/362711  |t ebook  |y 2022  |z 0  |v Věčná válka  |w 2 
999 |d 311725